<?xml version="1.0" encoding="UTF-8"?>
<record
    xmlns:xsi="http://www.w3.org/2001/XMLSchema-instance"
    xsi:schemaLocation="http://www.loc.gov/MARC21/slim http://www.loc.gov/standards/marcxml/schema/MARC21slim.xsd"
    xmlns="http://www.loc.gov/MARC21/slim">

  <leader>01562nam a22002417a 4500</leader>
  <controlfield tag="008">200302b        xxu||||| |||| 00| 0 eng d</controlfield>
  <datafield tag="020" ind1=" " ind2=" ">
    <subfield code="a">9781609139056</subfield>
  </datafield>
  <datafield tag="050" ind1=" " ind2=" ">
    <subfield code="a">QP34.2.C678</subfield>
  </datafield>
  <datafield tag="100" ind1=" " ind2=" ">
    <subfield code="a">Cohen, Barbara J.</subfield>
  </datafield>
  <datafield tag="245" ind1=" " ind2=" ">
    <subfield code="a">Memmler's the human body in health and disease./</subfield>
    <subfield code="c">Babare J. Cohen</subfield>
  </datafield>
  <datafield tag="250" ind1=" " ind2=" ">
    <subfield code="a">12th ed.:</subfield>
  </datafield>
  <datafield tag="260" ind1=" " ind2=" ">
    <subfield code="a">London:</subfield>
    <subfield code="b">Lippincott Williams @ Wilkins,</subfield>
    <subfield code="c">2013.</subfield>
  </datafield>
  <datafield tag="300" ind1=" " ind2=" ">
    <subfield code="a"> xxxi, 640 p. :  </subfield>
    <subfield code="b">col. ill. ;</subfield>
    <subfield code="c">28 cm.</subfield>
    <subfield code="e">1 DVD-ROM (4 3/4in.)</subfield>
  </datafield>
  <datafield tag="500" ind1=" " ind2=" ">
    <subfield code="a">Contents 	Organization of the human body -- Chemistry, matter, and life -- Cells and their functions -- Tissues, glands, and membranes -- Disease and disease-producing organisms -- The skin in health and disease -- The skeleton: bones and joints -- The muscular system -- The nervous system : the spinal cord and spinal nerves -- The nervous system : the brain and cranial nerves -- The sensory system -- The endocrine system : glands and hormones -- The blood -- The heart and heart disease -- Blood vessels and blood circulation -- The lymphatic system and lymphoid tissue -- Body defenses, immunity, and vaccines -- The respiratory system -- The digestive system -- Metabolism, nutrition, and body temperature -- Body fluids -- The urinary system -- The male and female reproductive systems -- Development and birth -- Heredity and hereditary diseases.</subfield>
  </datafield>
  <datafield tag="690" ind1=" " ind2=" ">
    <subfield code="a"> Physiology. 	</subfield>
  </datafield>
  <datafield tag="690" ind1=" " ind2=" ">
    <subfield code="a">Pathology</subfield>
  </datafield>
  <datafield tag="690" ind1=" " ind2=" ">
    <subfield code="a"> Anatomy</subfield>
  </datafield>
  <datafield tag="700" ind1=" " ind2=" ">
    <subfield code="a">Taylor, Jason J. 		</subfield>
  </datafield>
  <datafield tag="700" ind1=" " ind2=" ">
    <subfield code="a">Hull, Kerry L. </subfield>
  </datafield>
  <datafield tag="700" ind1=" " ind2=" ">
    <subfield code="a">Memmler, Ruth Lundeen.</subfield>
  </datafield>
  <datafield tag="942" ind1=" " ind2=" ">
    <subfield code="2">lcc</subfield>
    <subfield code="c">BK</subfield>
  </datafield>
  <datafield tag="999" ind1=" " ind2=" ">
    <subfield code="c">7138</subfield>
    <subfield code="d">14638</subfield>
  </datafield>
  <datafield tag="952" ind1=" " ind2=" ">
    <subfield code="0">0</subfield>
    <subfield code="1">0</subfield>
    <subfield code="2">lcc</subfield>
    <subfield code="4">0</subfield>
    <subfield code="7">0</subfield>
    <subfield code="8">NFIC</subfield>
    <subfield code="a">WIUC-1</subfield>
    <subfield code="b">WIUC-1</subfield>
    <subfield code="c">NURS L.</subfield>
    <subfield code="d">2019-11-29</subfield>
    <subfield code="o">QP34.2.C678(12e)</subfield>
    <subfield code="p">KSN/910/910/19</subfield>
    <subfield code="r">2020-03-02 00:00:00</subfield>
    <subfield code="w">2019-11-29</subfield>
    <subfield code="y">BK</subfield>
  </datafield>
</record>
